Các công ty xuyên quốc gia

Uloženo v:
Podrobná bibliografie
Hlavní autor: Nguyễn, Thiết Sơn
Médium: Kniha
Jazyk:Undetermined
Vydáno: Thành phố Hồ Chí Minh Đại học Quốc gia Thành phố Hồ Chí Minh 2004
Témata:
Tagy: Přidat tag
Žádné tagy, Buďte první, kdo otaguje tento záznam!
Thư viện lưu trữ: Trung tâm Học liệu Trường Đại học Cần Thơ
LEADER 00641nam a2200193Ia 4500
001 CTU_64731
008 210402s9999 xx 000 0 und d
020 |b 21000 
082 |a 338.8 
082 |b S464 
100 |a Nguyễn, Thiết Sơn 
245 0 |a Các công ty xuyên quốc gia 
245 0 |c Nguyễn Thiết Sơn 
260 |a Thành phố Hồ Chí Minh 
260 |b Đại học Quốc gia Thành phố Hồ Chí Minh 
260 |c 2004 
650 |a Big business,Corporations, foreign,International economic relations 
904 |i Minh 
980 |a Trung tâm Học liệu Trường Đại học Cần Thơ